000 00896nam0a22002291 4500
001 v19\rc\1205673
005 20260407113530.0
035 _a(NLR Aleph) 004370285
090 _a3489871
_c3489871
100 _a20060306d1868 |||y0rusy50 ca
101 0 _arus
102 _aRU
105 _ay z |||||
200 1 _aКопия с постановления Правления 14 декабря 1868 года
_e(Для сведения заемщикам и заявителям)
_fО-во взаимного поземельного кредита
210 _a[Санкт-Петербург]
_dценз. 1868
215 _a1 с.
710 0 2 _aОбщество взаимного поземельного кредита
_cПетербург
_3RU\NLR\AUTH\889944099
_9383379
801 0 _aRU
_bNLR
_gpsbo
801 1 _aRU
_bProSoft-M
_2rusmarc
852 _aNLR
_j18.126.2.330
942 _cBOOK
980 _aNB